000 00427nam a2200145 a 4500
001 000014283
005 20200929163545.0
008 091209s1927 dr 000 0 spa d
040 _aDO-SdBNP
_bspa
_cBNPHU
100 1 _aCamarena Perdomo, M. de J.
_932242
245 1 3 _aLa libertad de prensa /
_cM. de J. Camarena Perdomo.
260 _aSanto Domingo :
_bImpr. Vda. GarcĂ­a,
_c1927.
300 _a18 p. ;
_c26 cm.
049 _aBNPD
999 _c13879
_d13879